| 000 | 00561nam a2200181 i 4500 | ||
|---|---|---|---|
| 001 | 34895 | ||
| 003 | ES-MaACL | ||
| 005 | 20250905165400.0 | ||
| 007 | t| | ||
| 008 | 030211s1914 xxk ||||1| eng d | ||
| 100 | 1 |
_aBoswell, James. _930729 |
|
| 245 | 1 | 4 |
_aThe journal of a tour to the Hebrides with Samuel Johnson / _cJames Boswell. |
| 260 |
_aLondon : _b[s.n., _c1914] ( _eLetchworth : _fThe Temple Press) |
||
| 300 |
_aXXVI, 414 p. ; _c18 cm. |
||
| 600 | 1 | 7 |
_aJohnson, Samuel, _d1709-1784 _2 _9137503 |
| 852 |
_aES-MaACL _jG-14660 |
||
| 999 |
_c34895 _d34895 |
||